000 00624nam a2200217 a 4500
005 20140311163036.0
008 110803s19uu xx 00 eng d
020 _a9780071311205
050 _aHG 221
_b.C386 2010
100 _aCecchetti, Stephen G.
245 _aMoney, banking, and financial markets /
_cStephen G. Cecchetti.
250 _a2nd ed.
260 _aNew York :
_bMcGraw-Hill,
_c2008.
300 _axxxv, 595, [35] p. :
_bill. (some col.), col. maps ;
_c27 cm.
521 _aBSBA
650 _aMoney.
650 _aBanking and banking.
942 _cBK
_2lcc
_kFOR
999 _c39677
_d39677